000 00292nam a22001097a 4500
041 _aeng
080 _a80
100 _aКотов, В.Н. и др.
245 _aРусско-украинско-английский математический словарь
650 _aEFL
999 _c280490
_d280490
942 _cBK